000
00288nam a2200121Ia 4500
008
220216s9999 xx 000 0 und d
100
_a
Salleh Mohd Nor
245
0
_a
Heveawood: Timber of the future
260
_b
Planter
_c
1984
300
_a
370-381
650
_a
Rubberwood
942
_c
JS
999
_c
60353
_d
60353